İlk Satırdan Şarkıyı Tahmin Et - Statistics

General Stats
  • This quiz has been taken 20 times
  • The average score is 10 of 100
Answer Stats
Sözleri Şarkı % Correct
Onda, bunda, şundadır... Mavi Boncuk
89%
Kaç yıl oldu saymadım köyden göçeli... Arkadaşım Eşşek
56%
Dinlettin boynu bükük şarkılar... Martılar
50%
Yanım çok kalabalık, sesin gelmiyor, bağır... Bangır Bangır
33%
Kapkara gözlerle yaktın sineden... Çingenem
33%
Takmış koluna elin adamını... Şımarık
33%
Gelse bile son günüm... Son Arzum
33%
Çağırsaydın gelmez miydim, yâr? Aramam
28%
Sen beni boşuna hiç kalbinin oralara koyma... Kanatlarım Var Ruhumda
28%
Bak, kırıldı kolum, kanadım... Kuzu Kuzu
28%
Başım köpük köpük bulut... Ceviz Ağacı
22%
Yüzün geçmişten kalan, aşka tarif yazdıran... Elfida
22%
O beni prenses peri sanıyo... Peri
22%
Solmadan gel artık, aşkımın gülü... Seni Yazdım
22%
Yine başım dönüyor garip hâllerde... Sevdik Sevdalandık
22%
İnadına yenilmeden, âşık olmadan gel... Tutamıyorum Zamanı
22%
Engel mi mesafeler aşk yoluna, meşk yoluna... Yaparım Bilirsin
22%
Üstüme iyilik sağlık a dostlar... Yerli Plaka
22%
Gönül ister aradığını... Araba
17%
Seni sordum yıldızlara... Arıyorum
17%
Balık, rakı, roka var soframda... Bir Dudaktan
17%
Ne habersin ne Türk'sün... Cambaz
17%
Keşke hislerimi sana açıkça anlatabilseydim... Domates Biber Patlıcan
17%
"Bu gece gel, benim ol" diyemem... Karabiberim
17%
Ne zaman güneş açsa o gücüme güç katar... O Benim Dunyam
17%
Senin eşkin meni düşürdü dile... Şiire Gazele
17%
Kurumuş boğazım, bekliyorlar yol ağzında onlar... Unutulacak Dünler
17%
Ben dönerim etrafında... Aya Benzer
11%
Bir gülüşün bile yeterdi bana... Her Yer Karanlık
11%
Gamze gamze bir gülüver şimdi... İkinci Bahar
11%
Gözü karaydı siyahtan kömürdü... Janti
11%
Ah sen ne güzel, ne güzel gülüyorsun... Jest Oldu
11%
Dost dost diye nice nicesine sarıldım... Kara Toprak
11%
Denizler aştım, geliyorum... Köprüaltı
11%
Olmaz, civanım, imkânsız, vazgeçmek olmaz... Mecbursun
11%
Yok ki başka hiç kimsem... Narin Yarim
11%
Denize ay vurmuş bana ne? Unuturum Elbet
11%
Sevdirdin kendini bana, hiç sorma... Vermem Seni
11%
Gide gele çok zaman yoruldum... Ateşini Yolla
6%
Sardı korkular gelecek yıllar... Bambaşka Biri
6%
Karanlıktan gelicekler... Benden Sana
6%
Bir çocuk gördüm uzaklarda... Bir Çocuk Sevdim
6%
Koşa koşa ardından bittim halim ortada... Budala
6%
Buralardan hemen gidesim var... Çakkıdı
6%
Hepimize iyi kötü bir şeyler oldu... Çalkala
6%
Kara haber tez duyulur, unutsun beni demişsin... Can Bedenden Çıkmayınca
6%
Açılır sonsuz kere yoluna güllerim... Delikanlım
6%
Ağlamadan ayrılık olmaz... Dudu
6%
Arayıp sormasan da... Ele Güne Karşı
6%
Çok memleketler gezdim... Estarabim
6%
Döndüm döndüm âlime sordum... Ey Aşk
6%
Özüne, sözüne, sana doyamıyorum... Gamzelim
6%
Başkası olma, kendin ol... Hepsi Senin Mi?
6%
Öyle günler oldu ki sen'le... Her Gece
6%
Hani en sevdiğini kaybettiğinde... İçim Yanar
6%
Mevsim rüzgârları ne zaman eserse... İstanbul'da Sonbahar
6%
Kendi başına buyruk... Ne Yapardım
6%
Biraz bira, biraz şarap önceydi... Paramparça
6%
Hiç bir zaman affetmedin beni... Senden, Benden, Bizden
6%
Öğreneceksin beni sevmeyi... Üzüleceksin
6%
Her gün biraz daha aşkı yitiriyor... Vazgeçtim
6%
Ten beyaz, saç kızıl güller... Zalim
6%
Bekle dedin, kaç sene oldu? Ahmet
0%
Her gün bir şey daha biter... Aldırma Deli Gönlüm
0%
Bir derdim var dinleyin, ey gökteki yıldızlar... Arap Saçı
0%
Kırık kalbimin son ümitleri... Aşkım Benim
0%
Güneşe dokunmayın o benim sıcaklığım... Ay Aman
0%
Gizleme benden çekinme söyle... Be Adam
0%
Yalnızlıklardan yoruldum usandım... Benimle Oynama
0%
Döndüm kıbleye doğru açtım ellerimi... Bir Kulunu Çok Sevdim
0%
Ayrıldık işte demiştim ama... Biz Ayrılamayız
0%
Kaybolurdu gündüz gece... Boşver
0%
Bizim penceler yele karşıdır... Candan İleri
0%
Kurşunda beterdi o son sözleri... Canım Yanıyor
0%
Her veda edişimde düşünürüm... Civciv
0%
Sen sus, hiçbir şey söyleme... Deli Divane
0%
Bu aralar içimde bir yangın var... Dön Desem
0%
Senden ayrılmadan önce bilmiyordum hiç... Ellerim Bomboş
0%
Uçardım gönlümce seni görmeden önce... Gir Kanıma
0%
Yerimiz mi dar yoksa yenimiz mi dar? Hadi Bakalım
0%
Yine gözüm yollarda, neredesin? Hercai
0%
Aklım hiç almıyor nedense... İnkar Etme
0%
Uzanıp Kanlıca'nın orta yerinde bi taşa... İstanbul İstanbul Olalı
0%
Eşyalar toplanmış seninle birlikte... Kadınım
0%
Bendeki bu ateş sönmeden... Kafile
0%
Zaman zaman seni o saran... Kasaba
0%
Artık çok geç, yalvarma... Kış Güneşi
0%
Gözyaşım kederden miydi yârim? Kış Masalı
0%
Bastın da yarama "basma!" dedim... Koştum Hekime
0%
Kime soruyorum ayrılırken? Mikrop
0%
Bi' kere kırıldım, bi' dаha kurulmam... Mod
0%
Kararsın bahtın, yıkılsın tahtın... Nemrudun Kızı
0%
Bizi tanıyan herkes bilir senle ben eskiden beri... Papatya
0%
Dün hiç yok gibi, uzak kasımdan soğuk gibi... Romeo
0%
Akarım sonsuza deli sel gibi... Sana Değer
0%
Yapamam söz veremem, sonu yok senle olamam... Sebebim
0%
Durdu zamanım, bir şey diyemedim... Soğuk Odalar
0%
Yine yüzünden düşen bin parça... Yakar Geçerim
0%
Özledim seni, düştüm yollara... Yandım
0%
Yıllar sonra da bir hazan sabahında... Yıllar Sonra
0%
No matching quizzes found
Score Distribution
Percent of People with Each Score
Percentile by Number Answered
Your Score History
You have not taken this quiz